• 首页
  • 本馆介绍
  • 公告通知
  • 最新文献
  • 馆藏检索
  • 电子资源
  • 读者导购
  • 参考咨询
  • 我的图书馆
  • 登录
  • 详细信息显示
  • 放入我的书架
  • 预约/预借图书
  • 作者相关作品
  • 分类相关作品
  • 丛书相关作品
  • 出版社相关作品

书目信息

  • 表格格式
  • 工作单格式
  • 卡片格式
题名:
论坚持推动构建人类命运共同体
    
 
作者: 习近平 著
分册:  
出版信息: 北京   中央文献出版社  2018
页数: 541页
开本: 26cm
丛书名:
单 册:
中图分类: D2-0 , D80
科图分类:
主题词: 国际关系--学习参考资料
电子资源:
ISBN: 978-7-5073-4678-7
000 01442nam0 2200241 450
001 2041706547
005 20210105111730.33
010    @a978-7-5073-4678-7@dCNY92.00
100    @a20181120d2018 em y0chiy50 ea
101 0  @achi
102    @aCN@b110000
105    @ay z 000yy
200 1  @a论坚持推动构建人类命运共同体@9lun jian chi tui dong gou jian ren lei ming yun gong tong ti@b专著@f习近平 [著]
210    @a北京@c中央文献出版社@d2018
215    @a541页@d26cm
330    @a坚持推动构建人类命运共同体,是习近平新时代中国特色社会主义外交思想的重要内容,是习近平新时代中国特色社会主义思想的重要组成部分,对于统筹国内国际两个大局,始终不渝走和平发展道路、奉行互利共赢的开放战略,坚持正确义利观,树立共同、综合、合作、可持续的新安全观,谋求开放创新、包容互惠的发展前景,促进和而不同、兼收并蓄的文明交流,构筑尊崇自然、绿色发展的生态体系,始终做世界和平的建设者、全球发展的贡献者、国际秩序的维护者,为实现“两个一百年”奋斗目标和中华民族伟大复兴的中国梦营造更加有利的国际环境,具有十分重要的指导意义。为了帮助广大干部群众深入学习习近平同志关于坚持推动构建人类命运共同体的论述,我们将习近平同志的相关论著汇编为《论坚持推动构建人类命运共同体》一书。本书收入党的十八大以来习近平同志关于坚持推动构建人类命运共同体的文稿共八十五篇。
600  0 @a习近平@x著作@j学习参考资料
606 0  @a国际关系@j学习参考资料
690    @aD2-0@v5
690    @aD80@v5
701  0 @a习近平@9xi jin ping@4著
801  2 @aCN@b58marc.cn@c20181127
905    @aMUSE@dD2-0@e39
    
    论坚持推动构建人类命运共同体/习近平 [著].-北京:中央文献出版社,2018
    541页;26cm
    
    
    ISBN 978-7-5073-4678-7:CNY92.00
    坚持推动构建人类命运共同体,是习近平新时代中国特色社会主义外交思想的重要内容,是习近平新时代中国特色社会主义思想的重要组成部分,对于统筹国内国际两个大局,始终不渝走和平发展道路、奉行互利共赢的开放战略,坚持正确义利观,树立共同、综合、合作、可持续的新安全观,谋求开放创新、包容互惠的发展前景,促进和而不同、兼收并蓄的文明交流,构筑尊崇自然、绿色发展的生态体系,始终做世界和平的建设者、全球发展的贡献者、国际秩序的维护者,为实现“两个一百年”奋斗目标和中华民族伟大复兴的中国梦营造更加有利的国际环境,具有十分重要的指导意义。为了帮助广大干部群众深入学习习近平同志关于坚持推动构建人类命运共同体的论述,我们将习近平同志的相关论著汇编为《论坚持推动构建人类命运共同体》一书。本书收入党的十八大以来习近平同志关于坚持推动构建人类命运共同体的文稿共八十五篇。
●
相关链接 在五车中查询图书 在当当中查询图书 在豆瓣中查询图书


正题名:论坚持推动构建人类命运共同体     索取号:D2-0/39         预约/预借

序号 登录号 条形码 馆藏地/架位号 状态 备注
1 2000877089   2000877089   第二书库/ [索取号:D2-0/39] 在馆    
2 2000877090   2000877090   第二书库/ [索取号:D2-0/39] 在馆    
3 872040   2000872040   第二书库/ [索取号:D2-0/39] 在馆    
4 872041   2000872041   第二书库/ [索取号:D2-0/39] 在馆    
5 872042   2000872042   第二书库/ [索取号:D2-0/39] 在馆    
山东省滨州职业学院图书馆 欢迎您!
大连网信软件有限公司© 版权所有